Assessment of the risk of Type I latex allergy sensitization or reaction during use of products made from latex derived from guayule and other alternate rubber producing species (Record no. 54556)

MARC details
000 -LEADER
fixed length control field 00531nam a2200157Ia 4500
100 ## - MAIN ENTRY--AUTHOR NAME
Personal name Cornish Katrina
245 #0 - TITLE STATEMENT
Title Assessment of the risk of Type I latex allergy sensitization or reaction during use of products made from latex derived from guayule and other alternate rubber producing species
260 ## - PUBLICATION, DISTRIBUTION, ETC. (IMPRINT)
Name of publisher Rubber Science
Year of publication 2012
300 ## - PHYSICAL DESCRIPTION
Number of Pages 139-155
650 ## - SUBJECT ADDED ENTRY--TOPICAL TERM
Topical Term Dandelion
650 ## - SUBJECT ADDED ENTRY--TOPICAL TERM
Topical Term Guayule
650 ## - SUBJECT ADDED ENTRY--TOPICAL TERM
Topical Term Latex allergy
650 ## - SUBJECT ADDED ENTRY--TOPICAL TERM
Topical Term Natural rubber latex
942 ## - ADDED ENTRY ELEMENTS (KOHA)
Koha item type Journals
Holdings
Withdrawn status Lost status Damaged status Not for loan Home library Current library Shelving location Date acquired Serial Enumeration / chronology Koha item type
      Journals RRII Library RRII Library Physiology 15/03/2013 Volume 25, Issue 2 Journals